Представление документа в формате RUSMARC

ПолеНазваниеЗначение
  Тип записи a
  Библиографический уровень a
001 Контрольный номер RU/CBS_UL/BASE/5273f87cc978462ca4a0604e2737bcad
005 Дата корректировки 20260422142209.0
100 Данные общей обработки __
a Данные общей обработки 20260422 ||| 0rusy0189 ca
101 Язык документа 0_
a Язык текста rus
102 Страна публикации __
a Страна публикации RU
200 Заглавие и сведения об ответственности 1_
a Заглавие Знаменитой Володарке - 110 лет!
e Сведения, относящиеся к заглавию [10 мало известных фактов об Ульяновском патронном заводе]
300 Общие примечания __
a Общие примечания 16+
461 Уровень набора _0
1 2000
a Народная газета
463 Уровень физической единицы _0
1 2000
a № 16 (22 апр.)
v С. 8
1 2101
d 2026
1 001RU/CBS_UL/BASE/1ade641ac9d2493fa1972d14beee9e14
600 Персоналии _1
a Персоналии (Фамилия) Лимасов
b Персоналии (Имя, инициалы) М.И.
606 Тематические рубрики 0_
a Основная рубрика Ульяновский патронный завод - История
610 Ключевые слова 0_
a Ключевые слова Ульяновский патронный завод; патронные заводы; заводы; оборонная промышленность; машиностроительные заводы; токари; старейшие токари планеты
686 Индексы других классификаций __
a Классификационный индекс 34.4
801 Источник записи _0
a Страна RU
b Организация МБУК ЦБС г. Ульяновска
c Дата составления 20260422
g Правила каталогизации RCR
801 Источник записи _1
a Страна RU
b Организация МБУК ЦБС г. Ульяновска
c Дата составления 20260422
g Правила каталогизации RCR
901 Тип документа __
t Тип документа f
w Контрольный № источника RU/CBS_UL/BASE/1ade641ac9d2493fa1972d14beee9e14
909 Создатель записи __
a Создатель записи mbo